Регионална библиотека "Любен Каравелов" - Русе

Спомени за Димитър Ненов (Запис номер 105390)

MARC детайли
000 -Лидер
Контролно поле с фиксирана дължина 01467nam a2200373 a 4500
003 - Код на организацията, давaща контролен номер
Контролно поле BLK
005 - Дата и час на последна редакция
Контролно поле 20230801120854.0
008 - Елементи от данни с фиксирана дължина
fixed length control field 180409b bul|||||r ||||||| ||bul||
010 ## - Наследен системен номер
LC control number KNG00110612000
040 ## - Източник на каталожния запис
Идентификатор на билиотеката - собственик на записа BLK
041 ## - Код за език
Код за езика на текст/звукозапис или на отделно заглавие Български
Код за езика КДБФ Български
080 ## - УДК
Текстов определител УДК Музиканти-творци, композитори
УДК код - определител по УДК 78.071.1
УДК определител (092)
УДК - код + определител 78.071.1(092)
080 ## - УДК
Текстов определител УДК Български композитор
УДК код - определител по УДК 929 Ненов, Димитър Стефанов
УДК - код + определител 929 Ненов, Димитър Стефанов
139 ## - Редно поле
Редна дума Спомени за Димитър Ненов
Авторски знак Нено - Н 55
245 10 - Сведения за заглавието
Заглавие Спомени за Димитър Ненов
Редно поле (дума) състав. Лазар Костов Николов.
257 ## - Страна на издаване
Страна на създаване/издаване България
260 ## - Област на издателските данни
Място на издаване, разпространение и проч. София
Име на издателя, разпространителя и проч. Музика
Година на издаване 1987
300 ## - Физическа характеристика
Страници 68 с.
Илюстрации и др. с портр., ил., факс.
Размери/Мащаб 20 см
380 ## - Жанр
Жанр Изкуство
600 14 - Име на лице, използвано като предмет
За него / За нея Ненов, Димитър Стефанов
9 (RLIN) 310029
650 #4 - Допълнително описание по предмет – тема
Основно описание – тема или топоним Композитори, български - спомени
9 (RLIN) 255673
653 ## - Ключова дума – ненормативна
Ключова дума Димитър Ненов
653 ## - Ключова дума – ненормативна
Ключова дума композитори
653 ## - Ключова дума – ненормативна
Ключова дума България
653 ## - Ключова дума – ненормативна
Ключова дума спомени
700 ## - Други автори (авторска отговорност)
Лично име Николов, Лазар Костов
Дати, свързани с автора 1922-2005
9 (RLIN) 388913
852 ## - Местоположение
Форматна сигнатура Цб 147064
856 4# - Електронен адрес и достъп
Електронен формат pdf - файл
Инструкция (цена за достъп) 0.00
Права за достъп disable
856 4# - Електронен адрес и достъп
Електронен формат pdf - файл
Инструкция (цена за достъп) 0.00
Права за достъп disable
999 ## - СИСТЕМНИ КОНТРОЛНИ НОМЕРА
Koha biblionumber 105390
Koha biblioitemnumber 105390
942 ## - АРТИКУЛИ
Вид на библиотечния материал Книги
Скрит в OPAC Не
Периодичен библиозапис Да
944 ## - СЪЗДАВАНЕ И РЕДАКЦИЯ на ЗАПИСА
Създаване/Редакция Създаване
Дата на регистрацията/редакция 29.01.2004
Служител, извършил регистрацията/редакцията 30556
Статус, дата на статуса Теодора Пейчева-Дянкова
944 ## - СЪЗДАВАНЕ И РЕДАКЦИЯ на ЗАПИСА
Създаване/Редакция Редакция
Дата на регистрацията/редакция 2023-04-28
Служител, извършил регистрацията/редакцията ир
999 ## - СИСТЕМНИ КОНТРОЛНИ НОМЕРА
Koha biblioitemnumber 105390
Наличности
Код за отписване Код за изгубен артикул Източник на класификационната схема Код за повреда Коз за рестрикции Код за отдаване Артикулен № Име на библиотеката - собственик Име на библиотеката, в която се намира в момента Статус (Текущо местоположение) Дата на вписване в системата Местоположение - отдел Цена в лева Инвентарен номер Систематично азбучна сигнатура Баркод Номер на екземпляра Цена в евро Служебна бележка Служебен тип на артикула
  Не е изгубен Universal Decimal Classification Не е повреден без рестрикции заемане за дома 170172 Регионална библиотека "Любен Каравелов" Русе Регионална библиотека "Любен Каравелов" Русе Отдел Изкуство - подръчен фонд 2004-01-29 Отдел Изкуство - подръчен фонд 3.00 120000682129 78.071.1(497.2)(092)/Н 55 120000682129 1 1.53 Дост: DA Вид: А N: 2 Дата: 28.01.2004 Дата инв: 04.04.2017 Бележки инв: ИП2017 Книги
  Не е изгубен Universal Decimal Classification Не е повреден само за читалня ползва се в читалня 170173 Регионална библиотека "Любен Каравелов" Русе Регионална библиотека "Любен Каравелов" Русе Хранилище 1987-01-01 Хранилище 0.65 474704 Цб 147064 120000474704 2 0.33 Дост: Dp Вид: Д N: стар фонд Дата: 01.01.1987 Книги
Изтеглен Не е изгубен Universal Decimal Classification Не е повреден без рестрикции заемане за дома 170174 Регионална библиотека "Любен Каравелов" Русе Регионална библиотека "Любен Каравелов" Русе Отдел Изкуство - подръчен фонд 2001-01-01 Отдел Изкуство - читалня 0.65 478163 78.071.1(497.2)(092)/Н 55 478163 3 0.33 Дост: Pk Вид: Ф N: стар фонд Дата: 01.01.2001 Дата инв: 19.06.2012 Бележки инв: * Книги
Изтеглен Не е изгубен Universal Decimal Classification Не е повреден без рестрикции заемане за дома 170175 Регионална библиотека "Любен Каравелов" Русе Регионална библиотека "Любен Каравелов" Русе Отдел Изкуство - подръчен фонд 1987-01-01 Отдел Изкуство - подръчен фонд 0.65 478164 78.071.1(497.2)(092)/Н 55 120000478164 4 0.33 Дост: Pk Вид: Ф N: стар фонд Дата: 01.01.1987 Дата инв: 04.04.2017 Бележки инв: ИП2017 Книги
Vip Innovations Ltd, Rousse, Bulgaria 2025